| 000 | 00912nam a2200265Ia 4500 | ||
|---|---|---|---|
| 003 | OSt | ||
| 005 | 20220923211117.0 | ||
| 006 | a|||||r|||| 00| 0 | ||
| 007 | ta | ||
| 008 | 220922b |||||||| |||| 00| 0 hin d | ||
| 020 | _a8181434730 (hb) | ||
| 024 | _a230,712 | ||
| 037 | _cTextual | ||
| 040 |
_aARTS _cARTS _bhin |
||
| 041 |
_2hin _ahin |
||
| 082 | _aO157,3N64x, 152P6 | ||
| 100 |
_aआज़ाद, सलाम; गुप्ता, सुशील, अनु. _9158337 |
||
| 245 | 0 | _aयुद्ध शिशु | |
| 246 | _aYuddha shishu | ||
| 260 |
_aनई दिल्ली _b वाणी प्रकाशन _c2006 |
||
| 300 |
_a68पृ. _ccm. |
||
| 650 |
_aबंगाली साहित्य _9156264 |
||
| 942 |
_hO157,3N64x, 152P6 _cTEXL _2CC |
||
| 999 |
_c295416 _d295416 |
||